000 00418cam a2200181ua 4500
001 2231
008 110805n ii |||gr||||Z||||||asm
040 _cMAIN
082 _a370
100 _aSharma, Mukul Kr.,
_eAuthor.
245 1 _aShiksha
_cby Mukul Kr. Sharma
250 _a1st.
260 _aGuahati:
_bSangam Prakashan,990.
300 _a338p:
_c23cm.
653 _aEducation
653 _aShiksha
942 _cBK
999 _c2098
_d2098